[Event "SLO-chT1 West"]
[Site "Ljubljana"]
[Date "2015.10.18"]
[Round "3"]
[White "Marinsek, Tomaz"]
[Black "Bedic, Slavko"]
[Result "1-0"]
[WhiteElo "2161"]
[BlackElo "1967"]
[PlyCount "67"]
[EventDate "2015.10.16"]
[EventType "team-tourn"]
[EventRounds "9"]
[EventCountry "SLO"]
[SourceTitle "EXT 2019"]
[Source "ChessBase"]
[SourceDate "2018.10.10"]
[SourceVersion "1"]
[SourceVersionDate "2018.10.10"]
[SourceQuality "1"]
[WhiteTeam "Trebnje BMP"]
[BlackTeam "Stari Trg op Kolpi"]
[WhiteTeamCountry "SLO"]
[BlackTeamCountry "SLO"]

1. e4 c5 2. Nf3 d6 3. c3 Nf6 4. h3 Nc6 5. Bd3 g6 6. Bc2 Bd7 7. 0-0 Bg7 8. d4 cxd4 9. cxd4 0-0 10. Nc3 Rc8 11. Bg5 h6 12. Be3 Na5 13. Bd3 Nc4 14. Bxc4 Rxc4 15. Qb3 Rc6 16. d5 Ra6 17. Qxb7 Bc8 18. Qb3 Nd7 19. Nd4 Ne5 20. f4 Nd3 21. Nc6 Qd7 22. Nb8 Qc7 23. Nxa6 Bxa6 24. Nb5 Qa5 25. a4 Nxb2 26. Rfb1 Rb8 27. Ra2 Bxb5 28. Raxb2 Bxb2 29. Rxb2 Kg7 30. axb5 Qe1+ 31. Kh2 Rxb5 32. Qxb5 Qxe3 33. Qf1 Qxe4 34. Qf3 1-0

[Event "SLO-chT2 West"]
[Site "Ljubljana"]
[Date "2014.11.07"]
[Round "6.5"]
[White "Markosek, Maj"]
[Black "Bedic, Slavko"]
[Result "1/2-1/2"]
[WhiteElo "1728"]
[BlackElo "1943"]
[PlyCount "122"]
[EventDate "2014.10.17"]
[EventType "team-tourn"]
[EventRounds "9"]
[EventCountry "SLO"]
[SourceTitle "EXT 2019"]
[Source "ChessBase"]
[SourceDate "2018.10.10"]
[SourceVersion "1"]
[SourceVersionDate "2018.10.10"]
[SourceQuality "1"]
[WhiteTeam "Komenda II"]
[BlackTeam "Stari Trg ob Kolpi"]
[WhiteTeamCountry "SLO"]
[BlackTeamCountry "SLO"]

1. d4 Nf6 2. c4 d5 3. cxd5 Nxd5 4. e4 Nf6 5. Bd3 e6 6. Nf3 c5 7. dxc5 Bxc5 8. 0-0 Nc6 9. h3 h6 10. a3 a5 11. Nc3 0-0 12. Bf4 Re8 13. e5 Nd5 14. Nxd5 exd5 15. Rc1 Qb6 16. Bb1 Bf8 17. Qc2 g6 18. Qd2 Bg7 19. Bxh6 Nxe5 20. Nxe5 Bxh6 21. Qxh6 Rxe5 22. Rc3 Bf5 23. Bxf5 Rxf5 24. Qd2 Rd8 25. Rd3 Rd6 26. Rd4 Rdf6 27. Rxd5 Rxd5 28. Qxd5 Qxb2 29. Qxa5 Ra6 30. Qb4 Rb6 31. Qxb2 Rxb2 32. Ra1 Kf8 33. a4 Rb6 34. a5 Ra6 35. Rb1 Ra7 36. Rb5 Ke7 37. g4 Kd6 38. h4 Kc6 39. Rg5 Ra8 40. h5 gxh5 41. gxh5 b5 42. axb6 Kxb6 43. Rf5 Rf8 44. Kg2 Kc6 45. Kg3 Kd6 46. Kg4 Ke6 47. Rg5 Kf6 48. f4 Rb8 49. Ra5 Rb6 50. Rf5+ Kg7 51. Kg5 Rb2 52. h6+ Kf8 53. Rf6 Rh2 54. Rb6 Rg2+ 55. Kf5 Rh2 56. Rb8+ Ke7 57. Rb7+ Kf8 58. Kg5 Rg2+ 59. Kf5 Rh2 60. Rb8+ Ke7 61. Rh8 Rh5+ 1/2-1/2

[Event "SLO-chT2 West"]
[Site "Ljubljana"]
[Date "2013.11.15"]
[Round "6.5"]
[White "Jeraj, Zlatko"]
[Black "Bedic, Slavko"]
[Result "1-0"]
[WhiteElo "2050"]
[BlackElo "1971"]
[PlyCount "48"]
[EventDate "2013.11.08"]
[EventType "team"]
[EventRounds "9"]
[EventCountry "SLO"]
[SourceTitle "EXT 2015"]
[Source "ChessBase"]
[SourceDate "2014.11.20"]
[SourceVersion "1"]
[SourceVersionDate "2014.11.20"]
[SourceQuality "1"]
[WhiteTeam "Jesenice"]
[BlackTeam "Stari Trg ob Kolpi"]
[WhiteTeamCountry "SLO"]
[BlackTeamCountry "SLO"]

1. d4 Nf6 2. c4 g6 3. Nc3 Bg7 4. e4 d6 5. f3 0-0 6. Be3 e5 7. Qd2 Nbd7 8. Nge2 exd4 9. Nxd4 Nc5 10. Be2 Qe8 11. 0-0 Ne6 12. Nc2 a5 13. Rfe1 Nd7 14. Bf1 Ne5 15. Nd5 f5 16. Bh6 Qd7 17. Bxg7 Qxg7 18. f4 Ng4 19. h3 Nf6 20. Nxf6+ Qxf6 21. e5 Qh4 22. exd6 cxd6 23. Qxd6 Qxf4 24. Rxe6 Bxe6 1-0

[Event "SLO-chT2 West"]
[Site "Ljubljana"]
[Date "2013.11.10"]
[Round "5.5"]
[White "Bedic, Slavko"]
[Black "Janko, Roman"]
[Result "1/2-1/2"]
[WhiteElo "1971"]
[BlackElo "1817"]
[PlyCount "126"]
[EventDate "2013.11.08"]
[EventType "team"]
[EventRounds "9"]
[EventCountry "SLO"]
[SourceTitle "EXT 2015"]
[Source "ChessBase"]
[SourceDate "2014.11.20"]
[SourceVersion "1"]
[SourceVersionDate "2014.11.20"]
[SourceQuality "1"]
[WhiteTeam "Stari Trg ob Kolpi"]
[BlackTeam "Dolenjske Toplice"]
[WhiteTeamCountry "SLO"]
[BlackTeamCountry "SLO"]

1. c4 g6 2. g3 Bg7 3. Nc3 Nf6 4. Bg2 d6 5. d4 0-0 6. Nf3 c6 7. 0-0 Qc7 8. Bf4 Nh5 9. Be3 Nd7 10. Rc1 Re8 11. b4 e5 12. d5 c5 13. Nb5 Qb8 14. bxc5 dxc5 15. d6 Re6 16. Ng5 Rf6 17. Ne4 Re6 18. Bh3 f5 19. Ng5 Nf8 20. Nxe6 Bxe6 21. Nc7 b6 22. Bg2 e4 23. Nxa8 Qxa8 24. Qa4 Bd7 25. Qb3 Ne6 26. Rfd1 Qe8 27. Rd2 Ba4 28. Qa3 Qd7 29. f3 f4 30. gxf4 Nexf4 31. Bxf4 Nxf4 32. Qe3 Nd3 33. Rxd3 exd3 34. Qxd3 Bc6 35. e3 Bf6 36. Rd1 Kg7 37. Qe2 Qe6 38. f4 Bd7 39. Qd3 Qg4 40. Rf1 Qe6 41. Qe4 Qxd6 42. Qd5 Qe7 43. e4 Bd4+ 44. Kh1 Be6 45. Qa8 Bxc4 46. Re1 Bxa2 47. e5 Be6 48. Qe4 b5 49. Qc6 b4 50. Bd5 Kf7 51. Rf1 Bxd5+ 52. Qxd5+ Kg7 53. e6 a5 54. f5 g5 55. Rd1 a4 56. Rxd4 cxd4 57. Qxd4+ Kg8 58. Qe5 Qb7+ 59. Kg1 Qb6+ 60. Kg2 Qc6+ 61. Kg1 Qc1+ 62. Kg2 Qc2+ 63. Kg1 Qc1+ 1/2-1/2

[Event "SLO-chT2 West"]
[Site "Ljubljana"]
[Date "2013.11.09"]
[Round "2.5"]
[White "Leonardi, Caterina"]
[Black "Bedic, Slavko"]
[Result "1/2-1/2"]
[WhiteElo "1904"]
[BlackElo "1971"]
[PlyCount "97"]
[EventDate "2013.11.08"]
[EventType "team"]
[EventRounds "9"]
[EventCountry "SLO"]
[SourceTitle "EXT 2015"]
[Source "ChessBase"]
[SourceDate "2014.11.20"]
[SourceVersion "1"]
[SourceVersionDate "2014.11.20"]
[SourceQuality "1"]
[WhiteTeam "Komenda Popotnik"]
[BlackTeam "Stari Trg ob Kolpi"]
[WhiteTeamCountry "SLO"]
[BlackTeamCountry "SLO"]

1. d4 Nf6 2. c4 d5 3. Nc3 e6 4. Nf3 b6 5. cxd5 Nxd5 6. e4 Nf6 7. Bg5 Be7 8. Bd3 Bb7 9. 0-0 0-0 10. Rc1 Nbd7 11. Bb1 Ne8 12. Bf4 Rc8 13. Nb5 a6 14. Na7 Ra8 15. Nc6 Bxc6 16. Rxc6 Ra7 17. Qc2 Nb8 18. Rc3 g6 19. Rc1 c5 20. dxc5 bxc5 21. Ne5 Nf6 22. Rd1 Nfd7 23. Bh6 Re8 24. Rf3 Nxe5 25. Rxd8 Nxf3+ 26. gxf3 Rxd8 27. Qc3 Rd4 28. Bc2 Nd7 29. Ba4 Bf6 30. Qc2 Rc7 31. Be3 Rb4 32. Bxd7 Rxd7 33. Qxc5 Rxb2 34. e5 Be7 35. Qc8+ Rd8 36. Qxa6 Kg7 37. Kg2 Rd5 38. Qa7 Bd8 39. Kg3 Rbb5 40. Qa3 Ra5 41. Qb4 Rab5 42. Qa3 Ra5 43. Qb4 Rab5 44. Qa3 h6 45. Bxh6+ Kxh6 46. Qf8+ Kh7 47. Qxf7+ Kh6 48. Qf8+ Kh7 49. Qf7+ 1/2-1/2

[Event "Novo Mesto op"]
[Site "Novo Mesto"]
[Date "2013.10.31"]
[Round "2"]
[White "Bedic, Slavko"]
[Black "Copi, Ambroz"]
[Result "1/2-1/2"]
[WhiteElo "1971"]
[BlackElo "1807"]
[PlyCount "83"]
[EventDate "2013.10.31"]
[EventType "swiss"]
[EventRounds "9"]
[EventCountry "SLO"]
[SourceTitle "EXT 2015"]
[Source "ChessBase"]
[SourceDate "2014.11.20"]
[SourceVersion "1"]
[SourceVersionDate "2014.11.20"]
[SourceQuality "1"]

1. c4 e5 2. Nc3 Nc6 3. g3 g6 4. Bg2 Bg7 5. Nf3 Nge7 6. 0-0 0-0 7. e3 d6 8. d4 exd4 9. Nxd4 Ne5 10. b3 Nf5 11. Bb2 Rb8 12. Nce2 Bd7 13. Qd2 Nc6 14. Rad1 Re8 15. Nxf5 Bxf5 16. Nd4 Nxd4 17. Bxd4 b6 18. Rfe1 Qd7 19. Qc3 Bxd4 20. Qxd4 Qe6 21. Bc6 Re7 22. f3 Qe5 23. Kf2 Bc8 24. e4 Kf8 25. f4 Qxd4+ 26. Rxd4 Bd7 27. Bxd7 Rxd7 28. e5 Rbd8 29. e6 fxe6 30. Rxe6 Re8 31. Rxe8+ Kxe8 32. g4 Kf7 33. Kf3 Kf6 34. h4 h6 35. g5+ hxg5 36. fxg5+ Ke6 37. Re4+ Kf5 38. Rf4+ Ke5 39. Rf6 Rg7 40. Ke3 c6 41. Kd3 a5 42. a3 1/2-1/2